Normal view
MARC view
- Guillén Gámez, Francisco David
Entry Nombre Personal
001 - NUMERO DE CONTROL
- campo de control: 49578
003 - IDENTIFICADOR DE NUMERO DE CONTROL
- campo de control: UPN
005 - FECHA Y HORA DE LA ÜLTIMA TRANSACCIÓN
- campo de control: 20230725143945.0
008 - DATOS DE LONGITUD FIJA
- campo de control de longitud fija: 230725|| acn||aabn | a|a d
024 7# - OTROS IDENTIFICADORES NORMALIZADOS
- Fuente: orcid
- Número normalizado o código: https://orcid.org/0000-0001-6470-526X
040 ## - FUENTE DE CATALOGACIÓN
- Agencia original de catalogación: MX-MxUPN
100 ## - ENCABEZAMIENTO - NOMBRE PERSONAL
- Nombre personal: Guillén Gámez, Francisco David
370 ## - LUGAR ASOCIADO
- Associated country: España
371 ## - DIRECCIÓN
- Electronic mail address: davidguillen@uma.es
372 ## - CAMPO DE ACTIVIDAD
- Field of activity: Políticas y prácticas de innovación educativa. Cultura de paz, conflictos, educación y derechos humanos
373 ## - GRUPO ASOCIADO
- Associated group: Universidad de Málaga. Departamento de Didáctica y Organización Escolar
374 ## - OCUPACIÓN
- Occupation: Profesor - investigador universitario
670 ## - FUENTE EN LA QUE SE LOCALIZARON DATOS
- Cita de la fuente: En sitio web: Universidad de Málaga
- Información localizada: (Francisco David Guillén Gámez)
- Uniform Resource Identifier: https://www.uma.es/departments/teachers/UFlZRTZuVnpHbUZoSWZMd21pbGNxZz09/
902 ## - CATALOGADOR
- Catalogador: Leonor Sotres/250723
